01195 2200337 4500001002100000005001500021035002000036040002200056082002100078084002300099090002200122245011800144300008700262850001200349041001300361110004500374651002600419264006000445336002100505337003000526338002300556022001400579999002200593546005100615007000300666008004100669020001400710710006600724100004500790990002200835INLIS00000000088004520230717092952 a0010-0723000416 aYOPDYOGbinderda04223a315.09598272 a315.09598272 BAN k aCB-D.11 2020-389910aKecamatan Pajangan dalam angka :bpajangan subdistrict in figures 2020 /cBadan Pusat Statistik Kabupaten Bantul; axviii, 99 halaman :bgambar berwarna, tabel, peta berwarna, foto berwarna ;c21 cm aYOPDYOG0 aindgeng2 aBantul. Badan Pusat StatistikePengarang04aPajangan--xStatistik31aBantul :bBadan Pusat Statistik Kabupaten Bantul,c2020 2rdacontentateks 2rdamediaatanpa perantara 2rdacarrieravolume a0852-291X aCB-D.11/2020-3899 aTeks dalam bahasa Indonesia dan bahasa Inggrista230717s2020 xx a g ind d a0852-291X aBadan Pusat Statistik Kabupaten BantuleBadan Penanggungjawab aBantul. Badan Pusat StatistikePengarang aCB-D.11/2020-3899